000 00477nam a2200205Ia 4500
001 14441
003 GE_BSU
008 181216s||||||||xx |||||||||||||| ||und||
020 _a0722515510
040 _cGE_BSU
080 _a615
100 _aChaitow,N.D.Leon
245 4 _aThe Healing Power of Amind Acids
260 _aLondon
260 _c1989
300 _a128p.21cm.
653 _aThe Healing Power of Amind Acids
653 _aმედიცინა
942 _cBK
999 _c47576
_d47576